Textbook of Industrial Pharmacognosy (Record no. 8620)
[ view plain ]
| 000 -LEADER | |
|---|---|
| fixed length control field | 00480nam a22001697a 4500 |
| 003 - CONTROL NUMBER IDENTIFIER | |
| control field | OSt |
| 008 - FIXED-LENGTH DATA ELEMENTS--GENERAL INFORMATION | |
| fixed length control field | 200320b ||||| |||| 00| 0 eng d |
| 020 ## - INTERNATIONAL STANDARD BOOK NUMBER | |
| International Standard Book Number | 9788123912097 |
| 082 ## - DEWEY DECIMAL CLASSIFICATION NUMBER | |
| Classification number | 615.321 KAT |
| 100 ## - MAIN ENTRY--PERSONAL NAME | |
| Personal name | Kalia, A. N. |
| 245 ## - TITLE STATEMENT | |
| Title | Textbook of Industrial Pharmacognosy |
| 250 ## - EDITION STATEMENT | |
| Edition statement | 1st/e, Reprint 2020 |
| 260 ## - PUBLICATION, DISTRIBUTION, ETC. (IMPRINT) | |
| Place of publication, distribution, etc | New Delhi |
| Name of publisher, distributor, etc | CBS Publishers & Distributors |
| 300 ## - PHYSICAL DESCRIPTION | |
| Extent | Paperback: 285 pages, Dimensions: 24.1 x 18.4 x 2.6 cm |
| 650 ## - SUBJECT ADDED ENTRY--TOPICAL TERM | |
| Topical term or geographic name as entry element | Pharmacognosy |
| 942 ## - ADDED ENTRY ELEMENTS (KOHA) | |
| Source of classification or shelving scheme | Dewey Decimal Classification |
| Koha item type | Text Books |
| Withdrawn status | Lost status | Source of classification or shelving scheme | Damaged status | Not for loan | Collection code | Home library | Current library | Date acquired | Source of acquisition | Currency | Cost, normal purchase price | Bill Number | Total Checkouts | Full call number | Acc. no. / Barcode | Date last seen | Date last borrowed | Actual Cost, discounted price | Bill Date | Koha item type |
|---|---|---|---|---|---|---|---|---|---|---|---|---|---|---|---|---|---|---|---|---|
| Dewey Decimal Classification | B.Pharma | PIET C-LIBRARY | PIET C-LIBRARY | 07/01/2020 | Kirti Prakashan | IN Rupees | 495.00 | IN5980 | 1 | 615.321 KAT | BP451 | 27/12/2023 | 21/12/2023 | 321.75 | 07/01/2020 | Text Books | ||||
| Dewey Decimal Classification | B.Pharma | PIET C-LIBRARY | PIET C-LIBRARY | 07/01/2020 | Kirti Prakashan | IN Rupees | 495.00 | IN5980 | 3 | 615.321 KAT | BP452 | 04/10/2024 | 03/10/2024 | 321.75 | 07/01/2020 | Text Books | ||||
| Dewey Decimal Classification | B.Pharma | PIET C-LIBRARY | PIET C-LIBRARY | 07/01/2020 | Kirti Prakashan | IN Rupees | 495.00 | IN5980 | 2 | 615.321 KAT | BP453 | 04/10/2024 | 03/10/2024 | 321.75 | 07/01/2020 | Text Books | ||||
| Dewey Decimal Classification | B.Pharma | PIET C-LIBRARY | PIET C-LIBRARY | 07/01/2020 | Kirti Prakashan | IN Rupees | 495.00 | IN5980 | 615.321 KAT | BP454 | 20/03/2020 | 321.75 | 07/01/2020 | Reference Books |